Find the Brown Things (Blitz) Quiz Stats

 Plays Quiz Updated Jul 20, 2018

Support Sporcle.
Go Orange.
Score 0/20 Timer 01:00
13 Plays Today
% Correct
Bar of
Chocolate
95.9%
UPS Van
95.8%
Teddy Bear
95.8%
Door
95.7%
Belt
95.7%
Chair
95.6%
Owl
95.6%
Bread
95.6%
Rat
95.3%
Paper Bag
95.2%
% Correct
Pinecone
95.2%
Tree Branch
95.2%
Chocolate
Labrador
94.9%
Cardboard Box
94.6%
Otter
94.5%
Poo Emoji
94.2%
Coffee Beans
93.5%
Bullwinkle
91.1%
Cogsworth
90.8%
Chestnuts
89.9%

From the Vault

'I' Movies by Picture

by sweett310

Movies 6m
For no apparent reason, something about this quiz has us singing 'Eye of the Tiger'.
Remove Ads.
Support Sporcle.
Get the best of Sporcle when you Go Orange. This ad-free experience offers more features, more stats, and more fun while also helping to support Sporcle. Thank you for becoming a member.

Show Comments

Extras

Top Quizzes Today


Score Distribution

Your Account Isn't Verified!

In order to create a playlist on Sporcle, you need to verify the email address you used during registration. Go to your Sporcle Settings to finish the process.

Report this User

Report this user for behavior that violates our Community Guidelines.

Details: